Atlético de Madrid 2025 FIFA World Club Cup Squad - Statistics

General Stats
  • This quiz has been taken 79 times
  • The average score is 20 of 35
Answer Stats
# Position Player Nation % Correct
13 GK Jan Oblak
100%
2 DF José María Giménez
97%
7 FW Antoine Griezmann
96%
Manager Diego Simeone Argentina
96%
22 FW Giuliano Simeone Argentina
94%
9 FW Alexander Sørloth
93%
6 MF Koke
93%
4 MF Conor Gallagher
88%
19 FW Julián Alvarez Argentina
88%
5 MF Rodrigo De Paul Argentina
88%
10 FW Ángel Correa Argentina
86%
12 MF Samuel Lino
83%
14 MF Marcos Llorente
80%
20 MF Axel Witsel
77%
11 MF Thomas Lemar
77%
15 DF Clément Lenglet
71%
16 DF Nahuel Molina Argentina
68%
1 GK Juan Musso Argentina
65%
8 MF Pablo Barrios
65%
23 DF Reinildo Mandava
64%
3 DF César Azpilicueta
61%
24 DF Robin Le Normand
61%
17 MF Rodrigo Riquelme
58%
21 DF Javi Galán
55%
27 DF Ilias Kostis
29%
18 FW Carlos Martín
25%
31 GK Antonio Gomis
16%
29 MF Javi Serrano
12%
40 MF Rayane Belaid
9%
34 GK Salvi Esquivel
9%
32 FW Adrián Niño
7%
37 MF Jano Monserrate
7%
30 DF Javier Boñar
7%
47 FW Omar Janneh
6%
38 MF Taufik Seidu
6%
No matching quizzes found
Score Distribution
Percent of People with Each Score
Percentile by Number Answered
Your Score History
You have not taken this quiz